LEADER 01236nam a2200265 i 4500 001 000000171594 003 CaOOAMICUS 005 20080506000000.0 008 080506s1975 it u000 u ita u 013 $a149025 040 $aSeMil$bita 100 1 $aDehò, Giorgio.$0(OLS)http://semarc/name/64180 245 13$aLo strutturalismo dalla matematica alla critica letteraria /$cDi Giorgio Dehò ; un saggio introduttivo con i confronti antologici da I. Adler ... [et al.]. 260 $aMessina ; Firenze :$bD'Anna,$c1975. 300 $a192 p. ;$c21 cm. 490 0 $aTangenti : proposte e verifiche culturali ;$v61 650 4$aStrutturalismo .$0(OLS)http://semarc/subject/8025 650 4$aStrutturalismo .$0(OLS)http://semarc/subject/32663 700 1 $aAdler, I.$0(OLS)http://semarc/name/64181 830 0$aTangenti ;$v61.$0(OLS)http://semarc/title/10577 850 $aSeMil 852 $aSeMil$W1$xVenegono$y1$m3X II 136$j122463$B122463$CSeMilBibl$Z2$F135427 $81 961 $aOmaggio: Ghiringhelli prof. Livio 996 $6245$aLo strutturalismo dalla matematica alla critica letteraria$9(OLS)http://semarc/title/245517 996 $6260$aMessina ; Firenze :$bD'Anna$9(OLS)http://semarc/publisher/30286 LEADER 01203nam a2200265 i 4500 001 000000072179 003 CaOOAMICUS 005 20090220000000.0 008 090220s1983 it u000 u ita u 013 $a43351 040 $aSeMil$bita 245 13$aIl corpo in scena :$bla rappresentazione del corpo nella filosofia e nelle arti /$ca cura di Virgilio Melchiorre e Annamaria Cascetta. 260 $aMilano :$bVita e Pensiero,$ccopyr. 1983. 300 $a290 p., [10] p. di tav. :$bill. ;$c24 cm. 500 $aFondo card. C.M. Martini. 650 4$aCorpo - Filosofia.$0(OLS)http://semarc/subject/5411 650 4$aCorpo umano - Arte.$0(OLS)http://semarc/subject/12937 700 1 $aCascetta, Annamaria.$0(OLS)http://semarc/name/8010 700 1 $aMelchiorre, Virgilio,$d<1931- >.$0(OLS)http://semarc/name/2878 850 $aSeMil 852 $aSeMil$W1$xVenegono$y1$m2P V 419 °$j38332$B38332$CSeMilBibl$Z2$F38335 $81 941 1 $a4 961 $aLascito: Martini Card. Carlo Maria 996 $6245$aIl corpo in scena :$bla rappresentazione del corpo nella filosofia e nelle arti$9(OLS)http://semarc/title/116298 996 $6260$aMilano :$bVita e Pensiero$9(OLS)http://semarc/publisher/29642